Lesmona : eine Liebe, eine Ehe /

Bibliographic Details
Main Author: Baumgart, Reinhard, 1929-
Format: Book
Language:German
Published: München : Deutscher Taschenbuch Verlag, [1987]
Edition:Originalausg.
Series:DTV ; 10872

MARC

Tag First Indicator Second Indicator Subfields
LEADER 00000cam a2200000 a 4500
001 in00000019273
005 20151007054224.0
008 880330s1987 gw 00010 ger d
020 |a 342310872X :  |c DM12.80 
035 |a (OCoLC)17700515 
035 |9 AAB4367AM 
040 |a AZU  |c AZU  |d TXA  |d UtOrBLW 
049 |a TXAM  |c [A12592523] 
050 4 |a PT2662.A87  |b L4 1987 
100 1 |a Baumgart, Reinhard,  |d 1929- 
245 1 0 |a Lesmona :  |b eine Liebe, eine Ehe /  |c Reinhard Baumgart. 
250 |a Originalausg. 
264 1 |a München :  |b Deutscher Taschenbuch Verlag,  |c [1987] 
300 |a 297 pages ;  |c 18 cm. 
336 |a text  |b txt  |2 rdacontent 
337 |a unmediated  |b n  |2 rdamedia 
338 |a volume  |b nc  |2 rdacarrier 
490 0 |a DTV ;  |v 10872 
500 |a A play. 
500 |a "September 1987." 
999 |a MARS 
999 f f |s e8f3451a-26f1-3494-b4c0-7854d8cb25c1  |i dfdf137d-bd51-30b0-847a-a18fa8c758a5  |t 0 
952 f f |p ric  |a Texas A&M University  |b Rellis Campus  |c Joint Library Facility  |d Remote Storage  |t 0  |e PT2662.A87 L4 1987  |h Library of Congress classification  |i unmediated -- volume  |m A14812592523 
998 f f |a PT2662.A87 L4 1987  |t 0  |l Remote Storage